Szczegóły MARC21

Wychowanie do życia w rodzinie : drogi i bezdroża : materiały z "DWA-94" /

003 -Nazwa inst., której nr kontr. jest w polu 001 [,]
    • @
    • Nazwa instytucji, której n kontrolny jest w polu 001
    • NUKAT
005 -DATA I CZAS OSTATNIEJ MODYFIKACJI [,]
    • @
    • pole kontrolne
    • 20241231111220.0
020 -Międzynarod. znormalizowany nr książki - ISBN [ , ]
    • a
    • Numer ISBN
    • 8322805705 Find
040 -Instytucja sporządzająca opis [ , ]
    • a
    • Instytucja, która sporządziła opis (NP)
    • NUKAT
    • c
    • Instytucja, która sporządziła rekord (NP)
    • WA U/mg
    • d
    • Instytucja, która zmodyfikowała rekord (P)
    • WA U/AP
    • d
    • Instytucja, która zmodyfikowała rekord (P)
    • Ł U/AG
    • d
    • Instytucja, która zmodyfikowała rekord (P)
    • WR 194/JW
942 -Rodzaj dokumentu [ , ]
    • c
    • Rodzaj dokumentu
    • Książka
245 -Strefa tytułu i oznaczenia odpowiedzialności [0,0]
    • a
    • Tytuł
    • Wychowanie do życia w rodzinie : Find
    • b
    • Ciąg dalszy tytułu (NP)
    • drogi i bezdroża : materiały z "DWA-94" / Find
    • c
    • Pozostałe elementy strefy tytułu i oznaczenia odpowiedzialności (NP)
    • red. Gabriel Witaszek, Ryszard Podpora.
260 -Strefa adresu wydawniczego [ , ]
    • a
    • Miejsce wydania (P)
    • Lublin :
    • b
    • Nazwa wydawcy (P)
    • Redakcja Wydawnictw Katolickiego Uniwersytetu Lubelskiego,
    • c
    • Data wydania (P)
    • 1996.
300 -Strefa opisu fizycznego [ , ]
    • a
    • Określenie formy książki i/lub objętość (NP)
    • 224 s. ;
    • c
    • Format (NP)
    • 21 cm.
336 -Typ zawartości [ , ]
    • a
    • Termin opisujący typ zawartości
    • Tekst
    • b
    • Kod określający zawartość
    • txt
    • 2
    • Źródło (terminu i kodu)
    • rdacontent
337 -Typ mediów [ , ]
    • a
    • Tryb odtwarzania
    • Bez urządzenia pośredniczącego
    • b
    • Kod typu mediów
    • n
    • 2
    • Źródło (terminu i kodu)
    • rdamedia
338 -Typ/rodzaj nośnika [ , ]
    • a
    • Hasło opisujące typ nośnika
    • Wolumin
    • b
    • Kod typu nośnika
    • nc
    • 2
    • Źródło (terminu i kodu)
    • rdacarrier
650 -Hasło przedmiotowe [ ,7]
    • a
    • Hasło przedmiotowe
    • Duszpasterstwo
    • v
    • Określnik formalny
    • konferencje.
    • 2
    • Źródło terminu
    • kaba
    • 9
    • KHW
    • 592948
650 -Hasło przedmiotowe [ ,7]
    • a
    • Hasło przedmiotowe
    • Etyka chrześcijańska
    • v
    • Określnik formalny
    • konferencje.
    • 2
    • Źródło terminu
    • kaba
    • 9
    • KHW
    • 530467
650 -Hasło przedmiotowe [ ,7]
    • a
    • Hasło przedmiotowe
    • Małżeństwo
    • x
    • Określnik rzeczowy
    • aspekt religijny
    • x
    • Określnik rzeczowy
    • Kościół katolicki
    • v
    • Określnik formalny
    • konferencje.
    • 2
    • Źródło terminu
    • kaba
    • 9
    • KHW
    • 582822
650 -Hasło przedmiotowe [ ,7]
    • a
    • Hasło przedmiotowe
    • Moralność seksualna
    • x
    • Określnik rzeczowy
    • aspekt religijny
    • x
    • Określnik rzeczowy
    • Kościół katolicki
    • v
    • Określnik formalny
    • konferencje.
    • 2
    • Źródło terminu
    • kaba
    • 9
    • KHW
    • 592950
650 -Hasło przedmiotowe [ ,7]
    • a
    • Hasło przedmiotowe
    • Przysposobienie do życia w rodzinie
    • x
    • Określnik rzeczowy
    • aspekt religijny
    • x
    • Określnik rzeczowy
    • Kościół katolicki
    • v
    • Określnik formalny
    • konferencje.
    • 2
    • Źródło terminu
    • kaba
    • 9
    • KHW
    • 592949
700 -Hasło dodatkowe - nazwa osobowa [1, ]
    • a
    • Nazwa osobowa (NP)
    • Witaszek, Gabriel Find
    • d
    • Daty biograficzne (NP)
    • (1951- ).
    • e
    • Określenie rodzaju współpracy
    • Red.
    • 9
    • KHW
    • 584506
710 -Hasło dodatkowe - nazwa ciała zbiorowego [2, ]
    • a
    • Nazwa ciała zbiorowego lub nazwa geograficzna jako pierwszy element (NP)
    • Katolicki Uniwersytet Lubelski.
    • b
    • Nazwa jednostki podrzędnej (P)
    • Redakcja Wydawnictw.
    • 4
    • Kod relacji
    • pbl
    • 9
    • KHW
    • 57813
711 -Hasło dodatkowe - nazwa imprezy [2, ]
    • a
    • Nazwa imprezy (NP)
    • "DWA-94"
    • d
    • Data imprezy (NP)
    • (1994 ;
    • c
    • Miejsce imprezy (NP)
    • Lublin).
    • 9
    • KHW
    • 592770
920 -ISBN [ , ]
    • a
    • ISBN
    • 83-228-0570-5 Find
Numer inwentarzowy Status udost. Data inwentaryzacji Lokalizacja
Pd.1266511999-08-24BG